[Event "Krefeld Easter op"]
[Site "Krefeld"]
[Date "2025.04.18"]
[Round "3"]
[White "Breitkopf Lazar, Patrick Robert"]
[Black "Pijpers, Arthur"]
[Result "0-1"]
[WhiteElo "2121"]
[BlackElo "2478"]
[PlyCount "64"]
[EventDate "2025.04.17"]
[EventType "swiss"]
[EventRounds "9"]
[EventCountry "GER"]
[SourceTitle "CB17_2025"]
[SourceDate "2025.04.23"]
[SourceVersion "1"]
[SourceVersionDate "2025.04.23"]
[SourceQuality "1"]

1. e4 c5 2. Nf3 d6 3. d4 cxd4 4. Nxd4 Nf6 5. Nc3 g6 6. f3 Bg7 7. Be3 Nc6 8. Qd2 0-0 9. 0-0-0 h5 10. a3 a5 11. Bc4 Bd7 12. Ndb5 a4 13. Ba2 Qa5 14. Qf2 Ra6 15. h3 Rc8 16. Qe2 h4 17. Kb1 Be8 18. Bd2 Rb6 19. Be3 Na7 20. Bxb6 Qxb6 21. Bc4 Nxb5 22. Nxb5 Nh5 23. Rhe1 Nf4 24. Qf1 Nxg2 25. Bd3 Nxe1 26. Rxe1 Rc5 27. c4 Rg5 28. Ka2 Bd7 29. Re2 Rg1 30. Qf2 Qxf2 31. Rxf2 Bxh3 32. Rh2 Rg2 0-1

[Event "Krefeld Easter op"]
[Site "Krefeld"]
[Date "2025.04.18"]
[Round "2"]
[White "Heinzel, Thomas"]
[Black "Breitkopf Lazar, Patrick Robert"]
[Result "0-1"]
[WhiteElo "1909"]
[BlackElo "2121"]
[PlyCount "112"]
[EventDate "2025.04.17"]
[EventType "swiss"]
[EventRounds "9"]
[EventCountry "GER"]
[SourceTitle "CB17_2025"]
[SourceDate "2025.04.23"]
[SourceVersion "1"]
[SourceVersionDate "2025.04.23"]
[SourceQuality "1"]

1. d4 Nf6 2. c4 e6 3. Nf3 b6 4. g3 Ba6 5. b3 Bb4+ 6. Bd2 Be7 7. Bg2 c6 8. 0-0 0-0 9. Nc3 d5 10. cxd5 cxd5 11. Rc1 Nbd7 12. Re1 Ba3 13. Rc2 Rc8 14. Nb1 Bd6 15. Bc1 Rxc2 16. Qxc2 Qe7 17. Nbd2 Rc8 18. Qb2 Bb4 19. Bf1 Ne4 20. a3 Bc3 21. Qa2 Qf6 22. Rd1 Qf5 23. Nxe4 dxe4 24. Nh4 Qd5 25. Be3 Nc5 26. Qb1 Nxb3 27. Ng2 Na5 28. Nf4 Qb3 29. Bg2 g5 30. Nh5 Bxe2 31. Qxb3 Nxb3 32. Rb1 Bxh5 33. Rxb3 Bxd4 34. Bxe4 Bxe3 35. Rxe3 Rc1+ 36. Kg2 Ra1 37. h3 Kg7 38. Bc6 Bg6 39. Rc3 Kf6 40. Kf3 Ke5 41. a4 Kd4 42. Rb3 Bc2 43. Re3 Bd1+ 44. Kg2 Kc5 45. Be8 Bxa4 46. Bxf7 Bc6+ 47. f3 Bd5 48. Re5 Kd6 49. Rxg5 Ra2+ 50. Kg1 Bxf3 51. Rg7 b5 52. Bg8 b4 53. Bxh7 b3 54. Rf7 Bd5 55. Rf8 Rg2+ 56. Kf1 Rxg3 0-1

[Event "Mittelrhein Verbandsliga West 1920"]
[Site "Mittelrhein"]
[Date "2019.12.08"]
[Round "4.6"]
[White "Breitkopf Lazar, Patrick Robert"]
[Black "Kart, Boris"]
[Result "1-0"]
[WhiteElo "1764"]
[BlackElo "1829"]
[PlyCount "89"]
[EventDate "2019.09.29"]
[EventType "team-tourn"]
[EventRounds "9"]
[EventCountry "GER"]
[SourceTitle "EXT 2023"]
[Source "ChessBase"]
[SourceDate "2022.10.05"]
[SourceVersion "1"]
[SourceVersionDate "2022.10.05"]
[SourceQuality "1"]
[WhiteTeam "Aachen SV III"]
[BlackTeam "Bruehl II"]
[WhiteTeamCountry "GER"]
[BlackTeamCountry "GER"]

1. e4 e5 2. Nf3 Nc6 3. Bc4 d6 4. 0-0 Be7 5. d4 Bg4 6. c3 exd4 7. cxd4 Nf6 8. Nc3 Bxf3 9. gxf3 Qd7 10. Be3 0-0 11. Kh1 Qh3 12. Rg1 Nd8 13. Rg3 Qd7 14. f4 c6 15. e5 Ne8 16. Qe2 d5 17. Bd3 f5 18. Qc2 g6 19. Ne2 Ng7 20. Ng1 Rc8 21. Nf3 Nde6 22. Qa4 b5 23. Qa5 Nh5 24. Rgg1 Nhxf4 25. Bf1 Nh5 26. Bh6 Rf7 27. b4 Qc7 28. Qxc7 Rxc7 29. a4 bxa4 30. Rxa4 Bf8 31. Ng5 Nxg5 32. Bxg5 Ng7 33. Bh3 Ne6 34. Be3 Kg7 35. Rc1 g5 36. Ra6 g4 37. Rcxc6 Nd8 38. Rxc7 Rxc7 39. Bg2 Rd7 40. e6 Rd6 41. Rxa7+ Kf6 42. Bf4 Rxe6 43. Be5+ Kg6 44. Bxd5 Rb6 45. Rd7 1-0

[Event "Mittelrhein Verbandsliga West 1920"]
[Site "Mittelrhein"]
[Date "2019.10.27"]
[Round "2.4"]
[White "Breitkopf Lazar, Patrick Robert"]
[Black "Pick, Stefan"]
[Result "1/2-1/2"]
[WhiteElo "1764"]
[BlackElo "1977"]
[PlyCount "108"]
[EventDate "2019.09.29"]
[EventType "team-tourn"]
[EventRounds "9"]
[EventCountry "GER"]
[SourceTitle "EXT 2023"]
[Source "ChessBase"]
[SourceDate "2022.10.05"]
[SourceVersion "1"]
[SourceVersionDate "2022.10.05"]
[SourceQuality "1"]
[WhiteTeam "Aachen SV III"]
[BlackTeam "Kerpen SK"]
[WhiteTeamCountry "GER"]
[BlackTeamCountry "GER"]

1. e4 c5 2. Nf3 Nc6 3. d4 cxd4 4. Nxd4 Nf6 5. Nc3 e5 6. Ndb5 d6 7. Nd5 Nxd5 8. exd5 Nb8 9. c4 Be7 10. Be2 0-0 11. 0-0 a6 12. Nc3 f5 13. f3 Nd7 14. Be3 Bg5 15. Bf2 Bh4 16. b4 Bxf2+ 17. Rxf2 Qb6 18. a3 a5 19. Nb5 Nf6 20. Qe1 Bd7 21. bxa5 Qc5 22. a4 f4 23. Kh1 Rxa5 24. Rf1 b6 25. Bd3 Bxb5 26. axb5 Rfa8 27. Qc3 Ra3 28. Rxa3 Rxa3 29. Qc2 Qd4 30. Rd1 Qc3 31. Qxc3 Rxc3 32. Bf1 Ra3 33. Kg1 Nd7 34. Rc1 Nc5 35. Rd1 Kf7 36. Be2 g5 37. Bf1 h5 38. Be2 Ra2 39. Kf1 Kf6 40. Re1 Kf5 41. Rd1 g4 42. Re1 Kg5 43. Kg1 g3 44. h3 h4 45. Bf1 Kf6 46. Be2 Nb3 47. Bd3 Nd4 48. Bf1 Nc2 49. Re2 Nb4 50. Rxa2 Nxa2 51. Bd3 Nc1 52. Bc2 Ne2+ 53. Kf1 Nd4 54. Bd3 Nb3 1/2-1/2

[Event "GER-ch U12"]
[Site "Willingen"]
[Date "2019.06.12"]
[Round "6"]
[White "Von Mettenheim, Johannes"]
[Black "Breitkopf Lazar, Patrick Robert"]
[Result "1/2-1/2"]
[WhiteElo "1757"]
[BlackElo "1659"]
[PlyCount "85"]
[EventDate "2019.06.08"]
[EventType "swiss"]
[EventRounds "9"]
[EventCountry "GER"]
[SourceTitle "CBM 191 Extra"]
[Source "ChessBase"]
[SourceDate "2019.09.30"]
[SourceVersion "1"]
[SourceVersionDate "2019.09.30"]
[SourceQuality "1"]

1. d4 Nf6 2. c4 e6 3. Nc3 d5 4. Bg5 Be7 5. e3 h6 6. Bh4 0-0 7. Nf3 Ne4 8. Bxe7 Qxe7 9. Rc1 c6 10. Bd3 Nxc3 11. Rxc3 dxc4 12. Rxc4 b6 13. 0-0 Bb7 14. Qe2 Nd7 15. Rfc1 Rfc8 16. R4c3 a5 17. Bb1 c5 18. Qc2 g6 19. dxc5 Nxc5 20. Ne5 Ne4 21. Rc7 Rxc7 22. Qxc7 Rc8 23. Qxc8+ Bxc8 24. Rxc8+ Kg7 25. Bxe4 Qb4 26. Bd3 Qxb2 27. Nc4 Qxa2 28. Rb8 Qa1+ 29. Bf1 a4 30. Rxb6 a3 31. Nxa3 Qxa3 32. Ra6 Qc1 33. Rd6 g5 34. Rd4 f5 35. g3 e5 36. Rd6 f4 37. gxf4 gxf4 38. exf4 exf4 39. Rb6 f3 40. Ra6 Qg5+ 41. Kh1 h5 42. Rc6 Qf4 43. Kg1 1/2-1/2

[Event "GER-ch U12"]
[Site "Willingen"]
[Date "2019.06.10"]
[Round "3"]
[White "Breitkopf Lazar, Patrick Robert"]
[Black "Fink, Moritz"]
[Result "1-0"]
[WhiteElo "1659"]
[BlackElo "1392"]
[PlyCount "51"]
[EventDate "2019.06.08"]
[EventType "swiss"]
[EventRounds "9"]
[EventCountry "GER"]
[SourceTitle "CBM 191 Extra"]
[Source "ChessBase"]
[SourceDate "2019.09.30"]
[SourceVersion "1"]
[SourceVersionDate "2019.09.30"]
[SourceQuality "1"]

1. e4 e5 2. Nf3 Nc6 3. Bc4 Bc5 4. 0-0 Nf6 5. d4 Bxd4 6. Nxd4 Nxd4 7. f4 d6 8. fxe5 dxe5 9. Bg5 Qd6 10. Na3 Qb6 11. Kh1 Qxb2 12. Rxf6 gxf6 13. Bxf6 Bg4 14. Qf1 Rf8 15. Nb5 Nxb5 16. Bxb5+ c6 17. Rb1 Qxc2 18. Bd3 Qa4 19. Rxb7 Qd1 20. Qxd1 Bxd1 21. Re7+ Kd8 22. Rxa7+ Kc8 23. Rxa8+ Kb7 24. Rxf8 Kb6 25. Rxf7 c5 26. Rxh7 1-0